000 00615nam a2200229 a 4500
001 64927
003 BD-RjUL
005 20211209081353.0
008 170225s1960 e ||||| |||| 001 0 eng d
035 _a(BD-RjUL)65057
040 _aBD-RjUL
_beng
_cBD-RjUL
_dBD-RjUL
041 _aeng
082 _223
_a965
_bRIO 1960
100 _aRichard
_9192490
245 1 0 _aOrdeal in algerja /
_cRichard and joan brace
260 _aLondon :
_bD.van nostrand company,
_cc1960
300 _axi, 453 p. ;
_c24 cm.
500 _aInclude index
650 _aAlgerja
_9192491
700 _abrace joan
_9192492
942 _2ddc
_cBK
999 _c64927
_d64927